Tuyển chọn trò chơi, bài hát, thơ ca, truyện, câu đố theo chủ đề trẻ 3 - 36 tháng

保存先:
書誌詳細
第一著者: Lê Thu Hương
その他の著者: Hoàng, Thu Hương, Bùi, Thị Kim Tuyến, ,Đặng, Lan Phương, ,Phan, Thị Ngọc Anh, Lê, Thu Hương, Đặng, Lan Phương, Vũ, Yến Khánh, Vũ, Thị Ngọc Minh, Trần, Thị Ngọc Trâm, Lý, Thu Hiền, Lương. Thị Bình, Nguyễn, Sinh Thảo, Nguyễn, Thùy Dương, Nguyễn, Thị Quyên
フォーマット: 図書
出版事項: Hà Nội Giáo dục 2013
版:Tái bản lần thứ 5
主題:
タグ: タグ追加
タグなし, このレコードへの初めてのタグを付けませんか!
Thư viện lưu trữ: Trung tâm Học liệu Lê Vũ Hùng, Trường Đại học Đồng Tháp
LEADER 01451pam a22004218a 4500
001 00038572
005 20171026081025.0
008 170516s2013 ||||||Viesd
041 0 # |a Vie 
082 1 4 |a 372.21  |b T527CH 
100 1 # |a Lê Thu Hương 
245 1 0 |a Tuyển chọn trò chơi, bài hát, thơ ca, truyện, câu đố theo chủ đề trẻ 3 - 36 tháng  |c Lê Thu Hương...[và các tác giả khác] 
250 # # |a Tái bản lần thứ 5 
260 # # |a Hà Nội  |b Giáo dục  |c 2013 
300 # # |a 131 tr.  |c 27 cm 
653 # # |a Câu đố 
653 # # |a Thơ ca 
653 # # |a Trò chơi 
700 1 # |a Hoàng, Thu Hương 
700 1 # |a Bùi, Thị Kim Tuyến 
700 1 # |a ,Đặng, Lan Phương 
700 1 # |a ,Phan, Thị Ngọc Anh 
700 1 # |a Lê, Thu Hương 
700 1 # |a Đặng, Lan Phương 
700 1 # |a Vũ, Yến Khánh 
700 1 # |a Vũ, Thị Ngọc Minh 
700 1 # |a Trần, Thị Ngọc Trâm 
700 1 # |a Lý, Thu Hiền 
700 1 # |a Lương. Thị Bình 
700 1 # |a Nguyễn, Sinh Thảo 
700 1 # |a Nguyễn, Thùy Dương 
700 1 # |a Nguyễn, Thị Quyên 
852 # # |j KD.0021095  |j KM.0022173 
852 # # |b Kho đọc  |j KD.0021095 
852 # # |b Kho mượn  |j KM.0022173 
910 |d 16/05/2017 
980 # # |a Trung tâm Học liệu Lê Vũ Hùng, Trường Đại học Đồng Tháp